[Event "Muenster-IM"]
[Site "Muenster"]
[Date "1994.??.??"]
[Round "9"]
[White "Von Hartlieb, Justus"]
[Black "Hausrath, Daniel"]
[Result "0-1"]
[WhiteElo "2245"]
[BlackElo "2280"]

1.e4 c5 2.Nf3 d6 3.Bb5+ Nc6 4.O-O Bd7 5.Re1 Nf6 6.c3 a6 7.Bf1 Bg4 8.h3 Bh5
9.d3 e6 10.Nbd2 Be7 11.Qe2 O-O 12.g4 Bg6 13.Nh4 Nd7 14.Nxg6 hxg6 15.Bg2 g5
16.Nf1 Nde5 17.Be3 Ng6 18.Qd2 Nce5 19.d4 Nc4 20.Qe2 Nxe3 21.fxe3 Qc7 22.Rad1 Rac8
23.Ng3 Qa5 24.a3 b5 25.Nh5 Qb6 26.Kh1 a5 27.Bf1 b4 28.Qa6 Qc7 29.axb4 axb4
30.cxb4 cxb4 31.Bd3 Nh4 32.Rf1 Ra8 33.Qc4 Qb8 34.Bb1 g6 35.Nf6+ Bxf6 36.Rxf6 Kg7
37.Qf1 Nf5 38.exf5 Kxf6 39.fxg6+ Kg7 40.Qd3 f6 41.Qe4 Re8 42.Rf1 d5 43.Qf3 Rf8
44.Kg2 Qd6 45.Rh1 Ra1 46.h4 gxh4 47.Rxh4 Rxb1 48.Rh7+ Kxg6 49.Qh3 Rxb2+ 50.Kf3 Qh2
51.Rh6+ Kf7 52.Rh7+ Ke8 53.Qxh2 Rxh2 54.Rxh2 Kd7 55.Rh7+ Kc6 56.Re7 b3 57.Rh7 Rb8
58.Rh1 Kb5 59.Kf4 Kc4 60.g5 fxg5+  0-1

[Event "New York op"]
[Site "New York"]
[Date "1994.??.??"]
[Round "1"]
[White "Bisguier, Arthur Bernard"]
[Black "Kaidanov, Grigory S"]
[Result "0-1"]
[WhiteElo "2370"]
[BlackElo "2645"]

1.e4 c5 2.Nf3 d6 3.Bb5+ Nd7 4.c4 Nf6 5.Nc3 e6 6.O-O Be7 7.d4 cxd4 8.Nxd4 O-O
9.Bxd7 Qxd7 10.b3 b6 11.a4 Bb7 12.f3 Rfd8 13.Be3 Qc8 14.Rc1 a6 15.Qd2 Qc7
16.Qf2 Rac8 17.Kh1 Re8 18.Rfd1 Ba8 19.Qg3 Qb8 20.Bh6 Bf8 21.Bg5 Nd7 22.Bf4 Nf6
23.Bg5 Be7 24.Bh6 g6 25.Qh3 Rc5 26.g4 d5 27.cxd5 exd5 28.exd5 Nxd5 29.Ne4 Rxc1
30.Bxc1 Qe5 31.Qg3 Qxg3 32.hxg3 Nf6 33.Nxf6+ Bxf6 34.Kg2 Rd8 35.Be3 Bd5 36.Kf2 Bxb3
37.Rb1 Bc4 38.Ne2 b5 39.g5 Bg7 40.g4 f6 41.gxf6 Bxf6 42.g5 Be5 43.f4 Bg7
44.Ng3 Bd4 45.Rb4 a5 46.Rb1 b4  0-1

[Event "New York op"]
[Site "New York"]
[Date "1994.??.??"]
[Round "3"]
[White "Skripchenko, Almira"]
[Black "Belakovskaia, Anjelina"]
[Result "1/2-1/2"]
[WhiteElo "2235"]
[BlackElo "2315"]

1.e4 c5 2.Nf3 d6 3.Bb5+ Bd7 4.Bxd7+ Qxd7 5.c4 Nc6 6.Nc3 g6 7.d4 cxd4 8.Nxd4 Bg7
9.Be3 Nf6 10.f3 O-O 11.Nde2 Ne5 12.b3 Qd8 13.O-O Nfd7 14.Qd2 Nc5 15.Rfd1 Rc8
16.h3 Qe8 17.Nd4 Ne6 18.Rac1 a6 19.a4 Nc6 20.Nde2 f5 21.exf5 Rxf5 22.Nd5 Nc5
23.Rb1 Qf8 24.Nb6 Rd8 25.b4 Ne6 26.f4 a5 27.b5 Nb4 28.Ng3 Rxf4 29.Bxf4 Qxf4
30.Qxf4 Nxf4 31.c5 Nfd3 32.Nc4 Bd4+ 33.Kh2 Bxc5 34.Nxa5 b6 35.Nc6 Nxc6 36.bxc6 Nb4
37.c7 Rc8 38.Rdc1 Nd5 39.Ne4 Rxc7 40.Rb5 Ra7 41.a5 bxa5 42.Nxc5 dxc5 43.Rcxc5 Nf6
44.Rxa5 Rd7 45.Re5 h5 46.Ra3 Kf7 47.Kg3 Rd4 48.Rae3 Rd7  1/2-1/2

[Event "JUG-chT"]
[Site "Nis"]
[Date "1994.??.??"]
[Round "?"]
[White "Brajovic, Radovan"]
[Black "Inkiov, Ventzislav"]
[Result "1/2-1/2"]
[WhiteElo "2300"]
[BlackElo "2465"]

1.e4 c5 2.Nf3 d6 3.Bb5+ Bd7 4.Bxd7+ Qxd7 5.O-O Nc6 6.c3 Nf6 7.Re1 e6 8.d3 Be7
9.Bg5 O-O 10.Nbd2 h6 11.Bh4 b5 12.Qe2 b4 13.Nc4 bxc3 14.bxc3 d5 15.Nce5 Nxe5
16.Nxe5 Qc7 17.Bg3 Bd6 18.Ng4 Nxg4 19.Qxg4 Bxg3 20.Qxg3 Qa5 21.exd5 exd5
22.Qe5 Rae8 23.Qxe8 Rxe8 24.Rxe8+ Kh7 25.c4 Qc3 26.Ree1 d4 27.Red1 a5 28.a4 Qc2
29.Kf1 f5 30.h3 f4 31.f3 Kg6 32.Rac1 Qxa4 33.Ra1 Qc2 34.Rac1 Qb2 35.Rb1 Qc2
36.Rbc1 Qb2  1/2-1/2

[Event "JUG-chT"]
[Site "Nis"]
[Date "1994.??.??"]
[Round "?"]
[White "Markovic, Miroslav"]
[Black "Marjanovic, Slavoljub"]
[Result "1/2-1/2"]
[WhiteElo "2495"]
[BlackElo "2425"]

1.e4 c5 2.Nf3 d6 3.Bb5+ Bd7 4.Bxd7+ Nxd7 5.O-O Ngf6 6.Qe2 Rc8 7.c3 e6 8.d3 Be7
9.a4 O-O 10.Nbd2 Qc7 11.Re1 b6 12.Nf1 h6 13.Bf4 Rfe8 14.h3 a6 15.N1d2 Bf8
16.Bg3 Qb7 17.e5 dxe5 18.Nxe5 Nxe5 19.Bxe5 Nd7 20.Bg3 b5 21.Ne4 e5 22.Qf3 Qb6
23.axb5 axb5 24.Ra2 c4 25.Rea1 Nc5 26.Ra7 Rc7 27.Rxc7 Qxc7 28.d4 Nd3 29.dxe5 Nxe5
30.Qf5 Qd7 31.Qxd7 Nxd7 32.Nd6 Re2 33.Nxb5 Rxb2 34.Nd4 Nb6 35.Ra5 g6 36.Be5 Nd7
37.Bf4 g5 38.Be3 Rb1+ 39.Kh2 Bg7 40.Ra8+ Rb8 41.Ra7 Nf6 42.Nc6 Rb3 43.Ne7+ Kh7
44.Nf5 Rxc3 45.g4 Rd3 46.Rxf7 Rd7 47.Rxd7 Nxd7 48.Nxg7 Kxg7 49.h4 Nf6 50.Bd4 gxh4
51.Kh3 Kg6 52.Kxh4 Nd5 53.Be5 c3 54.f4 c2 55.f5+ Kh7 56.Bb2 Nf4 57.g5 hxg5+
58.Kxg5 Nd3 59.Ba3 Kg7 60.f6+ Kf7 61.Kf5  1/2-1/2

[Event "NLD-ch"]
[Site "?"]
[Date "1994.??.??"]
[Round "7"]
[White "Bosch, Jeroen"]
[Black "Sosonko, Gennadi"]
[Result "1/2-1/2"]
[WhiteElo "2370"]
[BlackElo "2525"]

1.e4 c5 2.Nf3 d6 3.Bb5+ Bd7 4.Bxd7+ Qxd7 5.c4 Nc6 6.Nc3 Nf6 7.d4 cxd4 8.Nxd4 g6
9.f3 Bg7 10.Be3 O-O 11.O-O Rfc8 12.b3 Qc7 13.Qd2 Qa5 14.Rac1 a6 15.Rfd1 Nxd4
16.Bxd4 b5 17.Bxf6 Bxf6 18.Nd5 Qxd2 19.Nxf6+ Kg7 20.Rxd2 Kxf6 21.Rdc2 Ra7
22.cxb5 Rxc2 23.Rxc2 axb5 24.Kf2 Ke5 25.Ke3 g5 26.Rd2 e6 27.g3 d5 28.f4+ gxf4+
29.gxf4+ Kd6 30.Rc2 dxe4 31.Kxe4 f6 32.Rd2+ Ke7 33.Rg2 Ra6 34.f5 b4 35.Rg7+ Kd6
36.Rxh7 Rxa2 37.fxe6 Kxe6 38.Kd4  1/2-1/2

[Event "NLD-chT9495"]
[Site "?"]
[Date "1994.??.??"]
[Round "1"]
[White "Martens, Martin"]
[Black "Riemersma, Liafbern"]
[Result "0-1"]
[WhiteElo "2415"]
[BlackElo "2440"]

1.e4 c5 2.Nf3 d6 3.Bb5+ Nd7 4.O-O a6 5.Bxd7+ Bxd7 6.d4 cxd4 7.Qxd4 Nf6 8.Bg5 e6
9.Bxf6 Qxf6 10.Qxf6 gxf6 11.Nbd2 Rc8 12.c4 b5 13.cxb5 axb5 14.Rfc1 Rxc1+
15.Rxc1 Bh6 16.Rc7 Ke7 17.Nb3 Ra8 18.a3 Ra4 19.Nfd4 Kd8 20.Rc3 Rc4 21.Kf1 f5
22.exf5 e5 23.Rh3 Bc1 24.Ne2 Bxb2 25.Rxh7 Ke7 26.Nd2 Rc2 27.f6+ Kxf6 28.Ne4+ Ke7
29.Ng5 Be8 30.Rh3 b4 31.axb4 Bb5  0-1

[Event "NLD-chT9495"]
[Site "?"]
[Date "1994.??.??"]
[Round "2"]
[White "Speelman, Jonathan S"]
[Black "Van Wely, Loek"]
[Result "0-1"]
[WhiteElo "2605"]
[BlackElo "2570"]

1.e4 c5 2.Nf3 d6 3.Bb5+ Bd7 4.Bxd7+ Nxd7 5.O-O Ngf6 6.Re1 e6 7.d3 Be7 8.Nbd2 b5
9.a4 a6 10.h3 O-O 11.Nf1 Nb6 12.a5 Nbd7 13.Ng3 Nb8 14.e5 Nfd7 15.exd6 Bxd6
16.Ne4 Be7 17.d4 Nc6 18.Be3 c4 19.Bg5 Bxg5 20.Nexg5 Nf6 21.Ne4 Nxe4 22.Rxe4 Nxa5
23.Ne5 Qd5 24.Rh4 Nc6 25.Qh5 h6 26.Nxc6 Qxc6 27.Ra3 f5 28.Re3 Rf6 29.Qe2 Rd8
30.c3 a5 31.Rf4 b4 32.Rff3 Rd5 33.Re5 f4 34.g3 Rxe5 35.dxe5 Rf5 36.gxf4 b3
37.Rg3 Rxf4 38.Qh5 Qe4 39.Qe8+ Kh7 40.Qxe6 Qe1+ 41.Kh2 Rxf2+ 42.Rg2 Rxg2+
43.Kxg2 Qe4+ 44.Kf2 a4 45.Qd6 Qc2+  0-1

[Event "NLD-sf"]
[Site "?"]
[Date "1994.??.??"]
[Round "1"]
[White "Kuipers, Eelco"]
[Black "Hoeksema, Hendrik Pieter"]
[Result "0-1"]
[WhiteElo "2035"]
[BlackElo "2405"]

1.e4 c5 2.Nf3 d6 3.Bb5+ Nd7 4.O-O Nf6 5.Re1 e5 6.c3 a6 7.Ba4 b5 8.Bc2 Bb7
9.d4 Be7 10.d5 O-O 11.Nbd2 g6 12.Nf1 Nh5 13.a4 c4 14.Be3 Qc7 15.Ng3 Ng7 16.Bh6 Nc5
17.h3 Rab8 18.axb5 axb5 19.Nh2 Bc8 20.Ng4 f6 21.Ne3 Bd7 22.h4 b4 23.Qe2 b3
24.Bb1 Bb5 25.h5 Qd7 26.Qf3 Bd8 27.Ngf1 Na4 28.Qe2 Ra8 29.Qd2 Bb6 30.Nd1 Ra6
31.hxg6 hxg6 32.Be3 Bxe3 33.Rxe3 Nh5 34.Rf3 Kg7 35.Ra3 Rh8 36.Ng3 Nf4 37.Ne2 Nxe2+
38.Qxe2 Qg4 39.Qd2 Qh4 40.Rh3 Qf4 41.Qxf4 exf4 42.Rxh8 Kxh8 43.e5 fxe5 44.Bxg6 Kg7
45.Bf5 Nb6 46.Be4 Rxa3 47.bxa3 Be8 48.Kf1 Bf7 49.Nb2 Nxd5 50.Bxd5 Bxd5 51.a4 Bb7
52.Ke1 d5 53.Kd2 Ba6 54.Nd1 Kf6 55.Nb2 Kf5 56.Nd1 Ke6 57.Nb2 Kd6 58.Nd1 Bc8
59.Nb2 Kc5 60.Nd1 Bg4 61.f3 Bf5 62.Nb2 Kb6  0-1

[Event "BCF-ch"]
[Site "Norwich"]
[Date "1994.??.??"]
[Round "2"]
[White "Turner, Matthew"]
[Black "Ward, Christopher"]
[Result "0-1"]
[WhiteElo "2395"]
[BlackElo "2495"]

1.e4 c5 2.Nf3 d6 3.Bb5+ Bd7 4.Bxd7+ Qxd7 5.O-O Nc6 6.c3 Nf6 7.d4 cxd4 8.cxd4 d5
9.e5 Ng8 10.Nc3 e6 11.Bf4 Nge7 12.Rc1 Ng6 13.Bg3 Be7 14.Qd3 Rc8 15.Rfe1 O-O
16.h4 h5 17.Ng5 Bxg5 18.hxg5 h4 19.Bh2 Nce7 20.Nb5 Rxc1 21.Rxc1 Rc8 22.Rc3 Rxc3
23.bxc3 Nf5 24.Nd6 Nge7 25.Qb5 Qxb5 26.Nxb5 Nc8 27.Kf1 a6 28.Na3 Kh7 29.Ke2 Kg6
30.Bf4 Nb6 31.Bd2 Nc4 32.Nxc4 dxc4 33.Kf3 Kh5 34.Kf4 Ne7 35.g4+ hxg3 36.Kxg3 Nd5
37.f4 Kg6 38.Kg4 b5 39.Be1 a5 40.a3 Ne3+ 41.Kf3 Nc2 42.Bd2 Kf5 43.Bc1 Ne1+
44.Kg3 g6  0-1

[Event "BCF-ch"]
[Site "Norwich"]
[Date "1994.??.??"]
[Round "4"]
[White "Turner, Matthew"]
[Black "Coleman, David"]
[Result "0-1"]
[WhiteElo "2395"]
[BlackElo "2245"]

1.e4 c5 2.Nf3 d6 3.Bb5+ Bd7 4.Bxd7+ Qxd7 5.O-O Nc6 6.c3 Nf6 7.d4 Nxe4 8.d5 Ne5
9.Re1 Nf6 10.Nxe5 dxe5 11.Rxe5 e6 12.c4 O-O-O 13.Nc3 exd5 14.cxd5 Bd6 15.Re2 Qf5
16.Qc2 Qh5 17.h3 Nxd5 18.Ne4 Nb4 19.Qc4 Bc7 20.Be3 Nd5 21.Bxc5 Nf4 22.Rc2 Rd1+
23.Rxd1 Qxd1+ 24.Kh2 b5 25.Qb3 Rd8 26.Be3 Ne2+ 27.f4 Rd7 28.g3 Kd8 29.Nc5 Qe1
30.Ne4 Rd1 31.Rxe2  0-1

[Event "SLO-ch"]
[Site "Nova Gorica"]
[Date "1994.??.??"]
[Round "?"]
[White "Barle, Janez"]
[Black "Jazbinsek, Sebastjan"]
[Result "1-0"]
[WhiteElo "2440"]
[BlackElo "2210"]

1.e4 c5 2.Nf3 d6 3.Bb5+ Bd7 4.Qe2 e6 5.O-O Be7 6.c3 Nf6 7.d4 cxd4 8.cxd4 O-O
9.Bd3 Nc6 10.e5 Nd5 11.Nc3 Nxc3 12.bxc3 f5 13.exf6 Bxf6 14.h4 Rf7 15.Rb1 b6
16.Bf4 Qf8 17.h5 Qe7 18.Qe4 g6 19.hxg6 hxg6 20.Qxg6+ Rg7 21.Qh6 Nd8 22.Bxd6 Qxd6
23.Qxf6 Bc6 24.Rfe1 Rc8 25.Re5 Bxf3 26.Qxf3 Nf7 27.Rh5 Ng5 28.Qe3 Qd5 29.Rb5 Rc5
30.dxc5 Nf3+ 31.Kf1 Qxh5 32.Qxf3 Qh1+ 33.Ke2 Rxg2 34.cxb6 axb6 35.Rg5+  1-0

[Event "Nyiregyhaza op"]
[Site "Nyiregyhaza"]
[Date "1994.??.??"]
[Round "?"]
[White "Kranyik, Gyula"]
[Black "Monus, Zoltan"]
[Result "0-1"]
[WhiteElo "2180"]
[BlackElo "2060"]

1.e4 c5 2.Nf3 d6 3.Bb5+ Bd7 4.Bxd7+ Qxd7 5.O-O Nc6 6.c3 e6 7.d4 b6 8.d5 Ne5
9.Ng5 h6 10.Nh3 Nf6 11.f4 Neg4 12.dxe6 fxe6 13.Qf3 e5 14.Nd2 Be7 15.Nc4 O-O
16.f5 Qc6 17.Re1 b5 18.Na5 Qb6 19.Kh1 Qxa5 20.Ng1 h5 21.h3 Nh6 22.Bxh6 gxh6
23.g4 hxg4 24.hxg4 Rf7 25.Re2 Rg7 26.Rg2 Kf7 27.Nh3 Rag8 28.Rag1 Ke8 29.b4 Qa3
30.bxc5 Qxc5 31.g5 hxg5 32.Rxg5 Rxg5 33.Rxg5 Rxg5 34.Nxg5 Qc4 35.Kg2 Qg8
36.Qg3 Nh5 37.Qg4 Qxg5 38.Qxg5 Bxg5 39.Kf3 Bd2 40.Kg4 Nf6+  0-1

[Event "CZE-ch (Women)"]
[Site "Nymburk"]
[Date "1994.??.??"]
[Round "3"]
[White "Svobodova, Michaela"]
[Black "Eretova, Kveta"]
[Result "1/2-1/2"]
[WhiteElo "2065"]
[BlackElo "2090"]

1.e4 c5 2.Nf3 d6 3.Bb5+ Nd7 4.O-O Nf6 5.Re1 e5 6.c3 Be7 7.d4 Qc7 8.Nbd2 O-O
9.Nf1 a6 10.Ba4 b5 11.Bc2 Bb7 12.Ng3 Rfe8 13.Nf5 Bf8 14.d5 h6 15.Bd2 Nb6
16.h3 Kh7 17.g4 g6 18.Ng3 Qd7 19.Nh2 Ng8 20.Qf3 f6 21.h4 Bc8 22.h5 g5 23.Nf5 Be7  1/2-1/2

[Event "Oakham"]
[Site "Oakham"]
[Date "1994.??.??"]
[Round "3"]
[White "Britton, Richard"]
[Black "Hansen, Soren Bech"]
[Result "0-1"]
[WhiteElo "2300"]
[BlackElo "2300"]

1.e4 c5 2.Nf3 d6 3.Bb5+ Nd7 4.O-O Nf6 5.Re1 a6 6.Bf1 b6 7.c4 Bb7 8.Nc3 e6
9.b3 Be7 10.Bb2 O-O 11.Rc1 Ne5 12.d3 Nfd7 13.Rc2 Bf6 14.Nxe5 dxe5 15.Qa1 Nb8
16.Nd1 Nc6 17.Ne3 h5 18.Bc3 Nd4 19.Rb2 a5 20.Nc2 Bg5 21.Qd1 g6 22.a3 Bc6
23.Qb1 Qd6 24.b4 axb4 25.axb4 f5 26.Nxd4 exd4 27.e5 Qc7 28.Bd2 Bxd2 29.Rxd2 f4
30.Rb2 Rf5 31.bxc5 bxc5 32.Rb6 Kh7 33.g3 g5 34.h3 f3 35.Qb2 h4 36.Rxc6 Qxc6
37.Re4 Qc7 38.gxh4 Rg8 39.Kh1 Qe7 40.Qb6 gxh4 41.Qd6 Rg7 42.Qxe7 Rxe7 43.Rxh4+ Kg6
44.Re4 Ra7 45.Re1 Ra2 46.h4 Rxf2 47.Bh3 Rf4 48.Rg1+ Kh5 49.Rg8 Rxh4 50.Kg1 Re2
51.Bxe6 f2+ 52.Kg2 Rh2+  0-1

[Event "Oberwart op"]
[Site "Oberwart"]
[Date "1994.??.??"]
[Round "8"]
[White "Maljutin, Evgeni"]
[Black "Timoshchenko, Gennadi A"]
[Result "0-1"]
[WhiteElo "2495"]
[BlackElo "2515"]

1.e4 c5 2.Nf3 d6 3.Bb5+ Nc6 4.O-O Bd7 5.Re1 Nf6 6.c3 a6 7.Bf1 Bg4 8.d3 e6
9.h3 Bh5 10.g4 Bg6 11.Nh4 Nd7 12.Nxg6 hxg6 13.d4 cxd4 14.cxd4 e5 15.d5 Nd4
16.Be3 Be7 17.Bxd4 exd4 18.Qxd4 g5 19.Nd2 Ne5 20.Re3 Rc8 21.Qb4 Qd7 22.Rc3 O-O
23.Rac1 Bf6 24.Kg2 Ng6 25.Rc4 Rxc4 26.Rxc4 Rc8 27.a4 Rxc4 28.Nxc4 Qe7 29.Qe1 Bd4
30.e5 Bxe5 31.Qe4 Qf6 32.Nxe5 Nxe5 33.a5 g6 34.Kg3 Qd8 35.b4 Kg7 36.Qe3 f6
37.Be2 Qc7 38.h4 gxh4+ 39.Kxh4 g5+ 40.Kg3 Qc2 41.f4 gxf4+ 42.Kxf4 Qb1 43.Qe4 Qg1
44.Qe3 Qh2+ 45.Kf5 Qh7+ 46.Kf4 Qh6+ 47.Ke4 Qh1+ 48.Kd4 Qe1 49.Ke4 Qxb4+ 50.Kf5 Qxa5
51.g5 Qd8 52.Qa7 Qd7+ 53.Kf4 fxg5+ 54.Kxg5 Qe7+ 55.Kf5 Qd7+ 56.Kf4 Qa4+ 57.Kf5 Qc2+
58.Ke6 Qg6+  0-1

[Event "Orange op"]
[Site "Orange"]
[Date "1994.??.??"]
[Round "7"]
[White "Prie, Eric"]
[Black "Pelletier, Yannick"]
[Result "1/2-1/2"]
[WhiteElo "2475"]
[BlackElo "2365"]

1.e4 c5 2.Nf3 d6 3.Bb5+ Nd7 4.d4 Nf6 5.Nc3 a6 6.Bxd7+ Nxd7 7.d5 g6 8.Bf4 Bg7
9.Qd2 b5 10.Bh6 O-O 11.h4 Nf6 12.Bxg7 Kxg7 13.h5 Nxh5 14.O-O-O Bg4 15.Qg5 Bxf3
16.gxf3 Kh8 17.Rdg1 Rg8 18.Qg4 Qc8 19.Qh4 e5 20.dxe6 fxe6 21.f4 Qd7 22.Rg5 Raf8
23.Ne2 Rf7 24.Qg4 Rgf8 25.Rxg6 hxg6 26.Qxg6 Rh7 27.Rxh5 Rxh5 28.Qxh5+ Qh7
29.Qf3 Qh6 30.Kb1 b4 31.b3 Qg6 32.Qh3+ Kg8 33.Qd3 d5 34.f3 Qh7 35.Qxa6 Qh3
36.exd5 exd5 37.Qg6+ Kh8 38.Qd6 Re8 39.Qf6+ Kg8 40.Qg6+ Kf8  1/2-1/2

[Event "Orel"]
[Site "Orel"]
[Date "1994.??.??"]
[Round "5"]
[White "Gorbatow, Alexej"]
[Black "Savon, Vladimir A"]
[Result "1/2-1/2"]
[WhiteElo "2415"]
[BlackElo "2435"]

1.e4 c5 2.Nf3 d6 3.Bb5+ Bd7 4.Bxd7+ Qxd7 5.O-O Nc6 6.c4 g6 7.d4 cxd4 8.Nxd4 Bg7
9.Be3 Nf6 10.f3 Rc8 11.b3 O-O 12.Nc3 Nxd4 13.Bxd4 a6 14.Qd3 e6 15.Rfd1 Rc6
16.Rd2 Rb8 17.a4 Rd8  1/2-1/2

[Event "Oslo op"]
[Site "Oslo"]
[Date "1994.??.??"]
[Round "8"]
[White "Bologan, Viktor"]
[Black "Serper, Grigory"]
[Result "1/2-1/2"]
[WhiteElo "2585"]
[BlackElo "2560"]

1.e4 c5 2.Nf3 d6 3.Bb5+ Bd7 4.Bxd7+ Nxd7 5.c4 Ngf6 6.Nc3 Ne5 7.Nxe5 dxe5
8.d3 e6 9.f4 Be7 10.O-O O-O 11.fxe5 Nd7 12.Bf4 Bg5 13.g3 Be7 14.Qe2 a6 15.Rae1  1/2-1/2

[Event "HUN-ch U20"]
[Site "Paks"]
[Date "1994.??.??"]
[Round "?"]
[White "Ruck, Tamas"]
[Black "Torok, Jozsef"]
[Result "1-0"]
[WhiteElo "2320"]
[BlackElo "2260"]

1.e4 c5 2.Nf3 d6 3.Bb5+ Nc6 4.O-O Bd7 5.c3 Nf6 6.Re1 a6 7.Bf1 Bg4 8.d3 g6
9.Nbd2 Bg7 10.h3 Bxf3 11.Nxf3 Qc7 12.d4 e5 13.dxc5 dxc5 14.Qc2 O-O 15.Be3 Ne7
16.Nd2 Rfd8 17.a4 b6 18.Nc4 Ne8 19.a5 b5 20.Nb6 Rab8 21.f3 c4 22.b3 cxb3
23.Qxb3 Nd6 24.Red1 Qc6 25.Rac1 Nb7 26.Rxd8+ Rxd8 27.c4 Qe6 28.Qc3 b4 29.Qxb4 Nc6
30.Qa4 Nbxa5 31.Nd5 Bf8 32.Bb6 Nb7 33.Qxa6 Nc5 34.Qa2 Rb8 35.Rb1 Qc8 36.Rb5 Nd4
37.Bc7 Ra8 38.Qb2 Nc6 39.Bxe5 Na4 40.Qa1 Nc5 41.Nf6+ Kg7 42.Ng4+ f6 43.Bxf6+ Kg8
44.Qd1 Ne6 45.Qd5 h5 46.Ne5 Nd4 47.Nd7  1-0

[Event "Pardubice op2"]
[Site "Pardubice"]
[Date "1994.??.??"]
[Round "6"]
[White "Valenta, Vit"]
[Black "Fabian, Laszlo"]
[Result "0-1"]
[WhiteElo "2030"]
[BlackElo "2250"]

1.e4 c5 2.Nf3 d6 3.Bb5+ Bd7 4.Bxd7+ Qxd7 5.O-O Nc6 6.c4 Nf6 7.Nc3 e6 8.d4 cxd4
9.Nxd4 Be7 10.Nxc6 Qxc6 11.Qe2 O-O 12.Bg5 h6 13.Bh4 Rfd8 14.Rac1 Rd7 15.Bg3 Rc8
16.b3 Bf8 17.h3 a6 18.Rfd1 b5 19.cxb5 axb5 20.Bh4 Be7 21.Nd5 Qxc1 22.Nxe7+ Rxe7
23.Rxc1 Rxc1+ 24.Kh2 g5 25.Qe3 Rc5 26.Bg3 e5 27.Qd3 Rd7 28.a3 Kf8 29.f3 Ke7
30.Be1 Nh5 31.Bb4 Nf4 32.Qd1 Rc6 33.g3 Ne6 34.Qd5 Rc2+ 35.Kg1 f6 36.Qxb5 Rdc7
37.Qb6 R2c6 38.Qb5 Nd4 39.Qd5 Rc1+ 40.Kf2 R7c2+ 41.Ke3 Re2+ 42.Kd3 Rc6 43.Bc3  0-1

[Event "Pardubice op"]
[Site "Pardubice"]
[Date "1994.??.??"]
[Round "7"]
[White "Bus, Mariusz"]
[Black "Levin, Felix"]
[Result "0-1"]
[WhiteElo "2385"]
[BlackElo "2480"]

1.e4 c5 2.Nf3 d6 3.Bb5+ Bd7 4.Bxd7+ Nxd7 5.O-O Ngf6 6.Qe2 e6 7.b3 Be7 8.Bb2 Qc7
9.c4 Ne5 10.d4 Nxf3+ 11.Qxf3 cxd4 12.Bxd4 O-O 13.Nc3 a6 14.Rac1 Nd7 15.Qg3 Bf6
16.Bxf6 Nxf6 17.Rfd1 Rfd8 18.c5 Qxc5 19.Nd5 Nxe4 20.Nf6+ Nxf6 21.Rxc5 dxc5
22.Rxd8+ Rxd8 23.h3 Nd5 24.Qh4 Rc8 25.Qa4 g6 26.Qd7 Rc7 27.Qe8+ Kg7 28.a4 h5
29.Qb8 b6 30.Qa8 b5 31.Qxa6 c4 32.axb5 c3 33.b6 Rc6 34.Kf1 Nxb6 35.Qb5 Rc8  0-1

[Event "Apsap IM"]
[Site "Paris"]
[Date "1994.??.??"]
[Round "1"]
[White "Belkhodja, Slim"]
[Black "Britton, Richard"]
[Result "1-0"]
[WhiteElo "2390"]
[BlackElo "2300"]

1.e4 c5 2.Nf3 d6 3.Bb5+ Bd7 4.c4 e5 5.Nc3 Nf6 6.d3 Be7 7.Bg5 Nc6 8.O-O O-O
9.Nd2 Nd4 10.Bxf6 Bxf6 11.Bxd7 Qxd7 12.Nf3 Ne6 13.Ne1 Bg5 14.Qg4 Kh8 15.Nc2 g6
16.Ne3 Rg8 17.Ncd5 Raf8 18.Qh3 f5 19.Kh1 Qf7 20.Nc2 f4 21.f3 Bd8 22.g4 fxg3
23.hxg3 Ng5 24.Qh6 Qe8 25.Kg2 Nf7 26.Qd2 h5 27.b4 b6 28.bxc5 bxc5 29.Rab1 Qe6
30.Rh1 Ng5 31.f4 Nh7 32.Rbf1 exf4 33.Nxf4 Qe5 34.Ne1 Bg5 35.Rf2 Qe8 36.Rhf1 Bh6
37.Nf3 Nf6 38.Qb2 Bg7 39.Nh4 Ng4 40.Nfxg6+ Kh7 41.Nxf8+ Rxf8 42.Rxf8 Ne3+
43.Kg1 Bxf8 44.Qb7+ Bg7 45.Qf7 Qe5 46.Qg6+ Kg8 47.Rb1 d5 48.cxd5 Ng4 49.Qe6+  1-0

[Event "World op"]
[Site "Philadelphia"]
[Date "1994.??.??"]
[Round "?"]
[White "Curdo, John"]
[Black "Pigusov, Evgeny"]
[Result "0-1"]
[WhiteElo "2325"]
[BlackElo "2570"]

1.e4 c5 2.Nf3 d6 3.Bb5+ Bd7 4.Bxd7+ Qxd7 5.O-O e6 6.c4 Nf6 7.Nc3 Be7 8.d4 cxd4
9.Nxd4 O-O 10.b3 a6 11.Bb2 Qc7 12.f4 Nc6 13.Nxc6 Qxc6 14.Qe2 Nd7 15.Rad1 Rfe8
16.e5 dxe5 17.fxe5 Nc5 18.Qh5 Rf8 19.Rf3 Ne4 20.Nxe4 Qxe4 21.Rdf1 Bc5+ 22.Kh1 Qe2
23.Bc3 Rad8 24.Qh4 Rd1 25.Re1 Rxe1+ 26.Bxe1 Qxe5 27.Bc3 Qe2 28.Qf6 Qd1+ 29.Rf1 Qg4
30.Qe5 Rc8 31.h3 Qg6 32.Rf3 Qb1+ 33.Kh2 Bg1+ 34.Kg3 Qg6+ 35.Kh4 Bb6 36.g4 Bd8+
37.g5 h6  0-1

[Event "Polanica Zdroj op"]
[Site "Polanica Zdroj"]
[Date "1994.??.??"]
[Round "?"]
[White "Bus, Mariusz"]
[Black "Shishkin, Vadim"]
[Result "1-0"]
[WhiteElo "2370"]
[BlackElo "2405"]

1.e4 c5 2.Nf3 d6 3.Bb5+ Nc6 4.O-O Bd7 5.c3 a6 6.Ba4 Nf6 7.Re1 b5 8.Bc2 c4
9.d4 cxd3 10.Qxd3 Ng4 11.Qe2 Nge5 12.Nxe5 Nxe5 13.f4 Ng4 14.h3 Qb6+ 15.Kh1 h5
16.Nd2 Nf2+ 17.Kh2 g5 18.Nf1 Ng4+ 19.hxg4 hxg4+ 20.Kg3 Qg1 21.f5 Bg7 22.Qxg4 O-O-O
23.Be3 Qh1 24.Kf2 Rh4 25.Qxg5 Bf6 26.Qxf6 exf6 27.Ng3 Qxe1+ 28.Rxe1 Rg8 29.Bd1 Kd8
30.Bf3 Ke7 31.Bd4 Rg5 32.Rh1 Rxh1 33.Nxh1 d5 34.exd5 Bxf5 35.Ng3 Bb1 36.a3 f5
37.Nh5 Be4 38.Bf6+  1-0

[Event "CRO-ch"]
[Site "Porec"]
[Date "1994.??.??"]
[Round "?"]
[White "Ljubicic, Filip"]
[Black "Galic, Kruno"]
[Result "1-0"]
[WhiteElo "2335"]
[BlackElo "2200"]

1.e4 c5 2.Nf3 d6 3.Bb5+ Bd7 4.a4 Nc6 5.O-O g6 6.c3 a6 7.Bc4 Qc7 8.d4 cxd4
9.cxd4 Bg7 10.Nc3 Nf6 11.Bg5 O-O 12.h3 Rac8 13.Ba2 Kh8 14.Qd2 Nb4 15.Bb3 Bc6
16.Rfe1 Kg8 17.Rac1 Qb6 18.a5 Qd8 19.Bxf6 Bxf6 20.Nb1 Qxa5 21.Rc4 d5 22.Qxb4 Qxb4
23.Rxb4 dxe4 24.Ne5 b5 25.Nxc6 Rxc6 26.d5 Rb6 27.Nc3 Bxc3 28.bxc3 f5 29.c4 Rc8
30.cxb5 Kg7 31.Rc4 Rxc4 32.Bxc4 axb5 33.Rb1 b4 34.Kf1 Kf6 35.f4 exf3 36.gxf3 Rb7
37.Kf2 g5 38.Ke3 Ke5 39.Kd3 h5 40.Rb2 Rb6 41.Rg2 Rg6 42.Re2+  1-0

[Event "CRO-ch (Women)"]
[Site "Porec"]
[Date "1994.??.??"]
[Round "?"]
[White "Puljek Salai, Zorica"]
[Black "Stanic, Jadranka"]
[Result "1-0"]
[WhiteElo "2230"]
[BlackElo "2135"]

1.e4 c5 2.Nf3 d6 3.Bb5+ Nd7 4.O-O a6 5.Bxd7+ Bxd7 6.b3 Nf6 7.Re1 e6 8.Bb2 Bc6
9.d3 Be7 10.Nbd2 O-O 11.Nf1 d5 12.e5 Nd7 13.d4 Rc8 14.dxc5 Bxc5 15.Nd4 Qc7
16.Qh5 Rfd8 17.Kh1 Nf8 18.f4 Be8 19.Rac1 Qb6 20.Red1 f6 21.Qe2 fxe5 22.Qxe5 Be7
23.Nf5 Bf6 24.Nh6+ Kh8 25.Qxf6  1-0

[Event "Portoroz op"]
[Site "Portoroz"]
[Date "1994.??.??"]
[Round "?"]
[White "Misanovic, Vesna"]
[Black "Velickovic, Zoran"]
[Result "0-1"]
[WhiteElo "2340"]
[BlackElo "2295"]

1.e4 c5 2.Nf3 d6 3.Bb5+ Bd7 4.Bxd7+ Qxd7 5.c4 g6 6.Nc3 Bg7 7.O-O Nc6 8.a3 e6
9.Rb1 Nge7 10.Ne2 O-O 11.d4 cxd4 12.Nexd4 Nxd4 13.Nxd4 Rac8 14.Qd3 d5 15.cxd5 exd5
16.Nf3 Rfd8 17.e5 Nc6 18.Re1 Re8 19.Bf4 d4 20.Re4 Qd5 21.Rbe1 Rcd8 22.h4 Re6
23.h5 Rde8 24.hxg6 hxg6 25.Ng5 Nxe5 26.Qh3 R6e7 27.Qh7+ Kf8 28.Qh4 f5 29.Nh7+ Kg8
30.Rxe5 Rxe5 31.Bxe5 Rxe5 32.Rc1 Qe6 33.f4 Re2 34.Rc7 d3 35.Ng5 Qb6+  0-1

[Event "Reggio Emilia9495"]
[Site "Reggio Emilia"]
[Date "1994.??.??"]
[Round "10"]
[White "Martorelli, Antonio"]
[Black "Epishin, Vladimir"]
[Result "0-1"]
[WhiteElo "2245"]
[BlackElo "2650"]

1.e4 c5 2.Nf3 d6 3.Bb5+ Nd7 4.d4 Nf6 5.O-O cxd4 6.Qxd4 a6 7.Bxd7+ Bxd7 8.Bg5 h6
9.Bxf6 gxf6 10.Re1 Rg8 11.c4 Bg7 12.Nc3 Rc8 13.Nd5 Bg4 14.Qd3 e6 15.Ne3 Bxf3
16.gxf3 f5 17.Kh1 f4 18.Nd1 Be5 19.Nc3 Qb6 20.Rg1 Rxg1+ 21.Rxg1 Qxb2 22.Na4 Qb4
23.Rg8+ Kd7 24.Rxc8 Kxc8 25.Qc2 Bd4 26.e5 dxe5 27.c5 Kc7 28.Kg2 f5 29.a3 Qb5
30.h3 Kd8 31.Qd1 Ke7 32.Kh2 Kf7 33.Qc2 Qf1 34.c6 Bxf2  0-1

[Event "Reno op"]
[Site "Reno"]
[Date "1994.??.??"]
[Round "?"]
[White "Larsen, Kenneth"]
[Black "Van Buskirk, Charles"]
[Result "1/2-1/2"]
[WhiteElo "2340"]
[BlackElo "2285"]

1.e4 c5 2.Nf3 d6 3.Bb5+ Bd7 4.Bxd7+ Qxd7 5.c4 Nf6 6.Nc3 Nc6 7.O-O g6 8.h3 Bg7
9.d3 O-O 10.Be3 e6 11.Qd2 Rfd8 12.Bh6 a6 13.Bxg7 Kxg7 14.d4 cxd4 15.Nxd4 Rac8
16.Rad1 Nxd4 17.Qxd4 Qc7 18.b3 b5 19.Rc1 bxc4 20.Na4 Qb7 21.Nb6 Rc5 22.Nxc4 Qxe4
23.Qb2 Qc6 24.Ne3 Rc8 25.Rcd1 e5 26.Nc4 Nd5 27.g3 f6 28.Rd2 Rd8 29.Rfd1 Rb8
30.Qa3 f5 31.Nxd6 Qxd6 32.Rxd5 Qxd5 33.Rxd5 Rxd5 34.Qxa6 Rbd8 35.b4 e4 36.b5 Rd1+
37.Kg2 Re1 38.Qa7+ Kh6 39.Qe7 Rdd1 40.Qh4+ Kg7 41.Qe7+ Kh6 42.g4 f4 43.Qf8+ Kg5
44.Qe7+  1/2-1/2

[Event "Reno op"]
[Site "Reno"]
[Date "1994.??.??"]
[Round "?"]
[White "Shaked, Tal"]
[Black "Van Buskirk, Charles"]
[Result "1/2-1/2"]
[WhiteElo "2370"]
[BlackElo "2285"]

1.e4 c5 2.Nf3 d6 3.Bb5+ Bd7 4.Bxd7+ Qxd7 5.c4 e5 6.O-O g6 7.Nc3 Bg7 8.d3 Ne7
9.Rb1 Nbc6 10.Bd2 O-O 11.Nd5 Nxd5 12.cxd5 Nd4 13.Nxd4 cxd4 14.Qb3 Rfc8 15.Rbc1 Rxc1
16.Rxc1 Rc8 17.Rc4 Rxc4 18.dxc4 Bf8 19.a4 Be7 20.a5 Bd8 21.f3 Kg7 22.Qc2 b6
23.a6 h6 24.b3 Bg5 25.f4 exf4 26.Qd3 Qg4 27.Qf3 Qxf3 28.gxf3 Kf6 29.Kf1 Ke5
30.Ke2 f5 31.exf5 Kxf5 32.b4 Be7 33.Kd3 g5 34.h3 h5 35.Kxd4 g4 36.hxg4+ hxg4
37.fxg4+ Kxg4 38.Ke4 f3 39.Be1 Bd8 40.Bf2 Bc7 41.c5 dxc5 42.bxc5 bxc5 43.Bxc5 Bb6
44.Bxb6 axb6 45.a7 f2 46.a8=Q f1=Q 47.Qg8+ Kh5 48.Qh7+ Kg5 49.Qg7+ Kh5 50.d6 Qe2+
51.Kf5 Qd3+ 52.Ke6 Qc4+ 53.Kd7 Qa4+ 54.Kd8 Qa8+ 55.Ke7 Qe4+ 56.Kf8 Qa8+ 57.Kf7 Qd5+  1/2-1/2